Statistiques concernant Oscar de l'UA (LLSH)

Cliquez ici pour prendre le quiz!

Statistiques générales

  • Ce quiz a été pris 9 fois
  • Le résultat moyen est 11 sur 15

Statistiques - réponses

QuestionRéponse% Correct
B.G. de l'annéeHugues
100%
Le retardataire de l'annéeP. H.
100%
l'incompréhensible de l'annéePied de biche
100%
Les fesses de l'annéeColot
86%
Sportif de l'annéeHugues
86%
Les pires diapoLaulau Vivi
86%
Prof de l'année <3Mathilde la goat
86%
Oeuf de l'annéePapi Louis
86%
Les pires notesPapi Louis
86%
cours inutile de l'annéeCulture numérique
71%
Le/la plus parano sur les horairesIsa
43%
Les pires outfitJ. F.
43%
Punchline de l'annéeSarrazine
43%
le clown de l'annéeIsa
29%
Meilleurs outfitMari Catho
29%

Distribution des résultats

Percentile par nombre de réponses

% des personnes avec chaque résultat

Votre développement - résultats

Vous n’avez pas pris ce quiz